Statistics for Most Valuable Cryptocurrencies

Click here to take the quiz!

General Stats

  • This quiz has been taken 360 times
    (174 since last reset)
  • The average score is 6 of 10

Answer Stats

Market Cap (billions)Cryptocurrency% Correct
$568.3Bitcoin
100%
$237.9Ethereum
96%
$73.2Tether
61%
$11.0Dogecoin
59%
$19.5XRP
57%
$17.3Cardano
54%
$53.5Binance Coin
51%
$16.4Solana
51%
$53.4USD Coin
41%
$18.4Binance USD
21%

Score Distribution

Percentile by Number Answered

Percent of People with Each Score

Your Score History

You have not taken this quiz since the last reset